000 00480nam a2200181Ia 4500
005 20250610121356.0
008 008 250516s9999 xx 000 0 eng d
020 _a9780367723071
040 _beng
_cSDCL
041 _aeng
_2eng
084 _aV1:5(R) R4
100 _aBlumenson, Eric
_9810170
245 0 _aWhy human rights? :
_bA philosophical guide
260 _aNew York :
_bRoutledge,
_c2024.
300 _axiii, 226p.
650 _aPhilosophy
942 _cTEXL
_2CC
999 _c1430693
_d1430693